000 01967nam a22002897a 4500
005 20110628104948.0
010 _aENG-102892 B-447278-282
020 _a9788189965068
_c200.00
035 _aEN-86425 B-447278-282
037 _bDBAD/PUB
037 _bBPPD/PUB
082 _a016.34059
100 _aKhalid Rashid
_944796
245 _aBiblography and review of waqf litereature :
_cby Syed Khalid Rashid
_bproduced in India,Pakistan,Bangladesh, Malaysia & Indonesia during 1977-2007 /
260 _aNew Delhi
_bQazi Publishers & Distributors
_c2010
270 _aB-35, Nizamuddin west,
_bNew Delhi
_e110 013
300 2 _a135p.
_c22cm (pbk)
700 _928907
942 _2ddc
_cEN
_mKHA
_h016.34059
999 _c53576
_d53576